Oraciones para asistir al santo sacrificio de la misa y para recibir los santos sacramentos de la penitencia y sacrada comunión (Record no. 8340)

MARC details
000 -CABECERA
campo de control de longitud fija 01283nam a2200289 a 4500
001 - NÚMERO DE CONTROL
campo de control BRCA_8685
005 - FECHA Y HORA DE LA ÚLTIMA TRANSACCIÓN
campo de control 20190320210352.0
008 - DATOS DE LONGITUD FIJA--INFORMACIÓN GENERAL
campo de control de longitud fija 081216s1850----fr-a######---#000-0#spa-#
041 ## - CÓDIGO DE LENGUA
Código de lengua del texto/banda sonora o título independiente spa
044 ## - CÓDIGO DEL PAÍS DE LA ENTIDAD EDITORA/PRODUCTORA
Código MARC del país fr
050 #4 - SIGNATURA TOPOGRÁFICA DE LA BIBLIOTECA DEL CONGRESO
Número de clasificación BX2050
Número de documento/Ítem .L38
-- 1850
100 1# - ENTRADA PRINCIPAL--NOMBRE DE PERSONA
Nombre de persona Lavalle, J. A. de
9 (RLIN) 21657
245 10 - MENCIÓN DE TÍTULO
Título Oraciones para asistir al santo sacrificio de la misa y para recibir los santos sacramentos de la penitencia y sacrada comunión
Mención de responsabilidad, etc. J. A. de Lavalle.
260 ## - PUBLICACIÓN, DISTRIBUCIÓN, ETC.
Lugar de publicación, distribución, etc. París
Nombre del editor, distribuidor, etc. Rosa Bouret y Ca
Fecha de publicación, distribución, etc. 1850
300 ## - DESCRIPCIÓN FÍSICA
Extensión 453 p.
Otras características físicas il.
Dimensiones 13 cm
500 ## - NOTA GENERAL
Nota general Fondo antiguo
500 ## - NOTA GENERAL
Nota general Se encuentra en Caja Fuerte
500 ## - NOTA GENERAL
Nota general LAR00001
500 ## - NOTA GENERAL
Nota general Incluye 12 láminas finas
500 ## - NOTA GENERAL
Nota general Incluye índice
500 ## - NOTA GENERAL
Nota general Nota de encuadernación: de lujo en concha nacar, lomo en tercipelo negro, con aplicaciones y broche en plata, edición de cantos dorados, se conserva en caja de piel con broches
505 0# - NOTA DE CONTENIDO CON FORMATO
Nota de contenido con formato Nueva edición sola completa, aumentada con la semana santa y el ejercicio de ayuda a bien morir; puesta en castellano la parte latina para mayor inteligencia
506 0# - NOTA DE RESTRICCIONES AL ACCESO
Limitaciones de acceso Fondo reservado: para su consulta es necesario credencial de usuario y carta de motivos
650 14 - PUNTO DE ACCESO ADICIONAL DE MATERIA--TÉRMINO DE MATERIA
Término de materia o nombre geográfico como elemento de entrada Iglesia católica
Término indicativo de función/relación Libros de oraciones y devociones
9 (RLIN) 15525
902 ## - CATALOGADOR
Iniciales LAR
942 ## - ELEMENTOS DE PUNTO DE ACCESO ADICIONAL (KOHA)
Fuente del sistema de clasificación o colocación Library of Congress Classification
Tipo de ítem Koha Libros
Holdings
Estado de retiro Estado de pérdida Estado dañado No para préstamo Localización permanente Ubicación/localización actual Fecha de adquisición Número de inventario Total de préstamos Signatura topográfica completa Código de barras Fecha visto por última vez Precio válido a partir de Tipo de ítem Koha
El ejemplar forma parte de la colección y puede ser consultado según las políticas vigentes.       Biblioteca del Museo Franz Mayer (Rogerio Casas-Alatriste) Biblioteca del Museo Franz Mayer (Rogerio Casas-Alatriste) 08/12/2016 LAR00001   BX2050 .L38 1850 (LAR00001) LAR00180 22/03/2019 22/03/2019 Libros